| 000 | 03140nam a2200313Ia 4500 | ||
|---|---|---|---|
| 003 | OSt | ||
| 005 | 20210901153145.0 | ||
| 008 | 210310t2009 sp ad fr 001 0dspa d | ||
| 020 | _a9788448162863 | ||
| 040 |
_aCO-JMCR _cCO-JMCR |
||
| 041 | 1 |
_aspa _heng |
|
| 082 | 0 | 4 |
_a339 / _bS713i _223 |
| 100 | 1 |
_aSorensen, Peter Birch, _917349 _eautor |
|
| 245 | 1 | 0 |
_aIntroducción a la macroeconomía avanzada / _cPeter Birch Sorensen, Hans Jorgen Whitta-Jacobsen ; traducción al castellano Esther Rabasco ; revisión técnica y adaptación, Ainhoa Herrarte Sánchez, Joaquín Vera Grijalba |
| 250 | _aPrimera edición en español | ||
| 260 |
_aMadrid : _bMcGraw-Hill, _c©2009 |
||
| 300 |
_axx, 457 páginas : _bilustraciones y gráficas a blanco y negro ; _c25 cm. |
||
| 500 | _aIncluye índice analítico, notas a pie de página y datos biográficos del autor. Título original : Introducing advanced macroeconomics : growth and business cycles. | ||
| 505 | 1 |
_gv.2. _tCiclos económicos |
|
| 520 | 3 | _aIntroducción a la macroeconomía avanzada: crecimiento y ciclos económicos sirve de puente entre los libros de texto de macroeconomía intermedia y los más avanzados. Permite a los estudiantes comprender en profundidad algunos modelos fundamentales en macroeconomía y les presenta métodos de análisis macroeconómico formal. Este segundo volumen (ciclos económicos) se ocupa de la economía a corto plazo y centra la atención en la explicación de las fluctuaciones cíclicas. El primer volumen centra la atención en la macroeconomía del largo plazo, presentando y desarrollando modelos básicos de crecimiento y de desempleo estructural. Características fundamentales: Motivación empírica y orientación hacia la política económica: este libro pasa revista a las regularidades empíricas que deben explicar los modelos y confronta sistemáticamente las predicciones teóricas con los datos empíricos. Destaca las consecuencias de las teorías presentadas para la política económica. Respeto por el rigor: en la presentación de los modelos, se utilizan las matemáticas lo necesario para que se comprendan perfectamente, pero se evitan los tecnicismos innecesarios, y siempre se mantiene el equilibrio entre el formalismo y las explicaciones verbales. Exposición modernizada de la teoría del crecimiento y de los ciclos económicos: el análisis del largo plazo incluye el crecimiento en la economía abierta y el crecimiento con recursos naturales escasos, así como el crecimiento endógeno impulsado por la investigación y el desarrollo. Los modelos de los ciclos económicos incluyen una exposición moderna de las reglas de política monetaria y los sistemas de fijación de un objetivo para la inflación. | |
| 546 | _aTraducción del inglés. | ||
| 650 | 1 | 4 |
_aMacroeconomía _917351 |
| 650 | 2 | 4 |
_aMacroeconomía _xProblemas, ejercicios, etc. _939871 |
| 700 | 1 |
_aWhitta-Jacobsen, Hans Jorgen, _eautor _939872 |
|
| 700 | 1 |
_aRabasco, Esther, _d _etraductora _94986 |
|
| 700 | 1 |
_aHerrarte Sánchez, Ainhoa, _erevisora _939873 |
|
| 700 | 1 |
_aVera Grijalba, Joaquín, _erevisor _939874 |
|
| 942 |
_2ddc _cBK |
||
| 999 |
_c8464 _d8464 |
||